000 00895nam a2200253Ia 4500
003 OSt
005 20220923211223.0
006 a|||||r|||| 00| 0
007 ta
008 Pun
020 _a9788130203577 (pbk)
_c860
024 _a290,489
037 _b1009, 08/02/2016, H.K. Prakashan
_cTextual
040 _aARTS
_cARTS
_bPun
041 _2Pun
_aPun
082 _aO153,3:g, Q5
100 _aਅੰਮ੍ਰਿਤਪਾਲ ਕੌਰ, ਥਦ.
_9159889
245 0 _aਪੰਜਾਬੀ ਨਾਵਲ ਪ੍ਰਾਪਤੀਆਂ ਤੇ ਸੰਭਾਵਨਾਵਾਂ
260 _aਪਟਿਆਲਾ
_b ਪਬਲੀਕੇFਨ ਬਿਊਰੋ
_c2015
300 _a567ਪੰ
_ccm.
650 _aਪੰਜਾਬੀ ਸਾਹਿਤ
942 _hO153,3:g, Q5
_cTEXL
_2CC
999 _c297164
_d297164